000
00303nam a22001337a 4500
008
181221b xxu||||| |||| 00| 0 eng d
020
_a
788581013717
041
_a
eng
080
_a
004
100
_a
39
101
_a
shk
245
_a
Web Psych Stalkers And Prasters
_c
Banks.M.A
942
_2
udc
_c
BK
999
_c
53604
_d
53604